Investovanie na finančných trhoch bakalárska práca

Enregistré dans:
Détails bibliographiques
Auteur principal: Uličný, Filip
Collectivité auteur: Fakulta podnikového manažmentu EU. Katedra podnikových financií
Autres auteurs: Mikloš, Miroslav, 1975-
Format: Livre
Langue:slovaque
Publié: Bratislava 2011
Tags: Ajouter un tag
Pas de tags, Soyez le premier à ajouter un tag!

MARC

LEADER 00000nbm a2200000 4500
001 0140211
005 20161109111712.5
041 0 |a slo 
044 |a SK 
245 1 0 |a Investovanie na finančných trhoch  |b bakalárska práca  |c Filip Uličný ; školiteľ: Miroslav Mikloš 
264 1 |a Bratislava  |c 2011 
300 |a 44 s. 
100 1 |a Uličný, Filip 
700 1 |a Mikloš, Miroslav, 1975- 
710 2 |a Fakulta podnikového manažmentu EU. Katedra podnikových financií